Recursos naturales y biodiversidad en el Darién Chocoano (Registro nro. 955)

Detalles MARC
000 -CABECERA
Campo de control 00936nam a2200289 a 4500
005 - FECHA Y HORA DE LA ULTIMA TRANSACCION
Campo de control 20191224041549.0
008 - ELEMENTOS DE LONGITUD FIJA—INFORMACION GENERAL
Campo de control 140224b1994 ck ||||| |||| 00| 0 spa d
040 ## - FUENTE DE CATALOGACIÓN
Agencia catalogadora original CO-BoIAVH
Agencia transcriptora CO-BoIAVH
041 ## - IDIOMA
Código de idioma para texto/pista de sonido o título separado Español
044 ## - PAÍS DE PUBLICACIÓN
País de publicación Colombia
090 ## - CLASIFICACIÓN LOCAL
Colección LB
Consecutivo 00943
100 ## - ASIENTO PRINCIPAL--NOMBRE PERSONAL
Nombre personal Echeverri Restrepo, Rodrigo
9 (RLIN) 8124
245 ## - MENCION DE TITULO
Título Recursos naturales y biodiversidad en el Darién Chocoano
Parte restante del título situación actual y perspectivas
260 ## - PUBLICACION, DISTRIBUCION, ETC. (PIE DE IMPRENTA)
Lugar de publicación, distribución, etc. Bogotá
Nombre del editor, distribuidor, etc. Proyecto Biopacífico
Fecha de publicación, distribución, etc. 1994
300 ## - DESCRIPCION FISICA
Extensión 60 p.
650 ## - ASIENTO SECUNDARIO DE MATERIA - TERMINO TEMATICO
Término temático o nombre geográfico como elemento de entrada Recursos naturales
9 (RLIN) 88225
650 ## - ASIENTO SECUNDARIO DE MATERIA - TERMINO TEMATICO
Término temático o nombre geográfico como elemento de entrada Biodiversidad
9 (RLIN) 92204
650 ## - ASIENTO SECUNDARIO DE MATERIA - TERMINO TEMATICO
Término temático o nombre geográfico como elemento de entrada Cuencas hidrográficas
9 (RLIN) 88227
662 ## - ASIENTO SECUNDARIO DE MATERIA - JERARQUIA DEL NOMBRE DE LUGAR(
País o entidad mayor Colombia
Jurisdicción política intermedia Parque Nacional Natural Los Katios
Jurisdicción política de primer orden Chocó
662 ## - ASIENTO SECUNDARIO DE MATERIA - JERARQUIA DEL NOMBRE DE LUGAR(
País o entidad mayor Colombia
Jurisdicción política intermedia Río Salaquí
Jurisdicción política de primer orden Chocó
662 ## - ASIENTO SECUNDARIO DE MATERIA - JERARQUIA DEL NOMBRE DE LUGAR(
País o entidad mayor Colombia
Jurisdicción política intermedia Darien
Jurisdicción política de primer orden Chocó
700 ## - ASIENTO SECUNDARIO - NOMBRE PERSONAL
Nombre personal Leal, Claudia
9 (RLIN) 3699
700 ## - ASIENTO SECUNDARIO - NOMBRE PERSONAL
Nombre personal Molano, Alfredo
9 (RLIN) 10095
700 ## - ASIENTO SECUNDARIO - NOMBRE PERSONAL
Nombre personal Monje, César
9 (RLIN) 88229
700 ## - ASIENTO SECUNDARIO - NOMBRE PERSONAL
Nombre personal Ramírez, Constanza
9 (RLIN) 10097
942 ## - ELEMENTOS ADICIONALES (KOHA)
Tipo de ítem Informe Técnico
Sistema de clasificación Local
Koha issues (borrowed), all copies 2
Existencias
Withdrawn status Lost status Sistema de Clasificación Damaged status No para préstamo Colección Ubicación Permanente Ubicación actual Fecha de adquisición Fuente de adquisición Total Checkouts Número topográfico Inventario / Código de Barras Date last seen Date checked out Ejemplar Price effective from Forma de adquisición Tipo de material
    Local     General Bogotá Bogotá 13/01/1999 Programa Becas 2 LB-00943 001325 01/12/2017 01/12/2017 Ej. 1 04/12/2012   Informe Técnico